000 00952nam a22002297a 4500
999 _c1141
_d1141
003 AR-CdUCM
008 190226b ||||| |||| 00| 0 spa d
040 _aMUNICIPALIDAD PROVINCIAL DEL CUSCO
_cBIBLIOTECA MUNICIPAL DEL CUSCO
082 _a343.31 /
_bL65
100 _aLinares, Octavio M.
_94482
245 _aDemocracia representativa sistema marxista democracia del futuro /
260 _aCuzco :
_bH.G. Rozas ,
_c1964.
300 _a127 páginas ;
_c22 cm.
440 _aIII congreso latinoamericano de facultades de derecho
_94483
505 _aTemas relacionados con la democracia representativa -- Preservación constitucional de la paz -- Responsabilidad interna del estado -- Técnica legislativa...
650 _aDemocracia.
_92598
650 _aPreservación de la constitución.
_94484
650 _aResponsabilidad del estado.
_94485
650 _aDemocracia representativa.
_94486
942 _2ddc
_cLIBROS
945 _awfj
_d2019-02-26